コンテンツを見る
Inicio
Centros participantes
Catálogo
Servicios
Contacto
ログイン
English
Deutsch
Español
Français
Italiano
日本語
Nederlands
Português
Português (Brasil)
中文(简体)
中文(繁體)
Türkçe
עברית
Gaeilge
Cymraeg
Ελληνικά
Català
Euskara
Русский
Čeština
Suomi
Svenska
polski
Dansk
slovenščina
اللغة العربية
বাংলা
Galego
Tiếng Việt
Hrvatski
हिंदी
Հայերէն
Українська
Sámegiella
言語
全フィールド
タイトル
著者
主題
請求記号
ISBN/ISSN
タグ
検索
詳細検索
Costa Rica: Estudios realizado...
この資料を引用
この資料をメール
印刷
エクスポート
エクスポート先: RefWorks
エクスポート先: EndNoteWeb
エクスポート先: EndNote
お気に入りに追加
パーマネントリンク
エクスポート完了 —
最初の評価を行う
Costa Rica: Estudios realizados sobre aspectos de salud
保存先:
書誌詳細
第一著者:
Amador Guevara, José Luis
フォーマット:
テキスト
出版事項:
s.n.t. :
主題:
SALUD
タグ:
タグ追加
タグなし, このレコードへの初めてのタグを付けませんか!
所蔵
その他の書誌記述
コメント
類似資料
MARC表示
MARC
LEADER
00000 a a2200000 04500
001
17019
003
040
090
|a
008300
100
|a
Amador Guevara, José Luis
245
|a
Costa Rica: Estudios realizados sobre aspectos de salud
260
|a
s.n.t. :
300
|a
14 p.
650
|a
SALUD
999
|c
15562
|d
15562
類似資料
Nicoya [versión preliminar]: Algunos datos sobre la situación de empleo, ingresos, migración estacional, inmigración, los tres productos agrícolas más importante y la importancia de la ganadería /
Montes de Oro: Producción agropecuaria, rama de actividad, empleo, ingresos, migración estacional, inmigración /
Mensaje del señor Presidente de la República, licenciado don Teodoro Picado M., presentado al Congreso Constitucional el 1° de mayo de 1945
著者:: Picado M., Teodoro
Mensaje del señor Presidente de la República, Licenciado don Teodoro Picado M., presentado al Congreso Constitucional el 1° de mayo de 1947
著者:: Picado M., Teodoro
Mensaje del señor Presidente de la República, Licenciado don Teodoro Picado M., presentado al Congreso Constitucional el 1° de mayo de 1946
著者:: Picado M., Teodoro